| Tag |
First Indicator |
Second Indicator |
Subfields |
| LEADER |
00000cam a2200000 4500 |
| 001 |
in00000154775 |
| 005 |
20190522155657.0 |
| 008 |
682410s1968 miua 000 p eng |
| 010 |
|
|
|a 68024447
|
| 035 |
|
|
|a (OCoLC)ocm00443452
|
| 035 |
|
|
|a (OCoLC)00443452
|
| 035 |
|
|
|9 AAS1468AM
|
| 040 |
|
|
|a DLC
|b eng
|c DLC
|d GFK
|d OCLCG
|d AU@
|d BDX
|d OCLCO
|d OCLCF
|d OCLCQ
|d OCLCA
|d OCLCO
|d SFR
|d UKUOY
|d GILDS
|d J9U
|d OCLCQ
|d TXA
|
| 019 |
|
|
|a 977240529
|
| 035 |
|
|
|a (OCoLC)443452
|z (OCoLC)977240529
|
| 037 |
|
|
|c 4.95
|
| 050 |
0 |
0 |
|a PS3531.E827
|b S66
|
| 082 |
0 |
|
|a 811/.5/4
|
| 090 |
|
|
|a PS3566.E756
|b A6 1968
|
| 049 |
|
|
|a TXAM
|
| 100 |
1 |
|
|a Peters, Robert,
|d 1924-2014,
|e author.
|
| 240 |
1 |
0 |
|a Poems.
|k Selections
|
| 245 |
1 |
4 |
|a The sow's head & other poems /
|c Robert Peters.
|
| 246 |
3 |
|
|a Sow's head and other poems
|
| 264 |
|
1 |
|a Detroit :
|b Wayne State University Press,
|c 1968.
|
| 300 |
|
|
|a 91 pages :
|b illustrations ;
|c 21 cm
|
| 336 |
|
|
|a text
|b txt
|2 rdacontent
|
| 337 |
|
|
|a unmediated
|b n
|2 rdamedia
|
| 338 |
|
|
|a volume
|b nc
|2 rdacarrier
|
| 530 |
|
|
|a Also issued online.
|
| 500 |
|
|
|a The Cushing Library/Women & Gender Studies copy was acquired as part of The Don Kelly Research Collection of Gay Literature and Culture.
|5 TXA
|
| 500 |
|
|
|a The Cushing Library/Women & Gender Studies copy is inscribed to Dorothy Ashby by the author.
|5 TXA
|
| 650 |
|
0 |
|a Gay men
|v Poetry.
|
| 650 |
|
7 |
|a Gay men.
|2 fast
|0 (OCoLC)fst00939117
|
| 650 |
|
4 |
|a American poetry
|y 20th century.
|
| 655 |
|
7 |
|a Poetry.
|2 fast
|0 (OCoLC)fst01423828
|
| 655 |
|
7 |
|a Gay poetry.
|2 lcgft
|
| 700 |
1 |
|
|a Ashby, Dorothy,
|e dedicatee (item)
|5 TXA
|
| 776 |
0 |
8 |
|i Online version:
|a Peters, Robert, 1924-
|t Sow's head & other poems.
|d Detroit, Wayne State University Press, 1968
|w (OCoLC)604863652
|
| 994 |
|
|
|a C0
|b TXA
|
| 948 |
|
|
|a cataloged
|b h
|c 2019/5/22
|d c
|e nbehmer
|f 3:56:33 pm
|
| 999 |
f |
f |
|s 12b57e15-ed91-3ceb-a281-17178d0b86fc
|i 7395c9b3-0eee-3402-a732-e793b8ae3254
|t 0
|
| 952 |
f |
f |
|p ric
|a Texas A&M University
|b Rellis Campus
|c Joint Library Facility
|s JLF
|d Remote Storage
|t 0
|e PS3531.E827 S66
|h Library of Congress classification
|i unmediated -- volume
|m A14804104609
|
| 998 |
f |
f |
|a PS3531.E827 S66
|t 0
|l Remote Storage
|